|
|
|
|
| LEADER |
00000nab a2200000 a 4500 |
| 001 |
vtls000517009 |
| 003 |
SK-MaSNL |
| 005 |
20260303003702.0 |
| 008 |
180331c1994 xo 0 hun |
| 015 |
|
|
|a SNBRB19rr/mm-uuuuu
|
| 035 |
|
|
|a CL0517147
|
| 040 |
|
|
|a SNKBUCL
|b slo
|c SNKBUCL
|e AACR2
|
| 041 |
0 |
|
|a hun
|
| 044 |
|
|
|a xo
|c SK
|
| 080 |
|
|
|a 883-93=945.11
|2 1981
|
| 080 |
|
|
|a 398.2
|2 1981
|
| 245 |
0 |
0 |
|a A kutya és a macska
|b Ukrán népmese ; Ford. Berta Koday
|
| 650 |
0 |
7 |
|a ľudové rozprávky
|2 snkbucl
|9 73195
|
| 655 |
|
7 |
|a články z novín a časopisov
|2 snkbucl
|9 267496
|
| 655 |
|
7 |
|a články z odboru literárna veda a krásna literatúra
|2 snkbucl
|9 770045
|
| 700 |
1 |
|
|a Koday, Berta
|4 trl
|9 981863
|
| 773 |
0 |
|
|t Vasárnap
|g Roč. 27, č. 18 (1994), s. 10
|
| 850 |
|
|
|a Slovenská národná knižnica v Martine
|a DSG001
|
| 852 |
|
|
|a SNK
|b KIS3GCP
|
| 958 |
|
|
|a NX
|
| 958 |
|
|
|a RK
|
| 958 |
|
|
|a HU
|
| 958 |
|
|
|a LX
|
| 958 |
|
|
|a UA
|
| 992 |
|
|
|a RBX
|
| 999 |
|
|
|c 1573913
|d 1575843
|